|
|
|
|
| LEADER |
000000am a2200000 a 4500 |
| 001 |
9246-30 |
| 005 |
20230308155540.0 |
| 008 |
954033|1950 ||||||||r|||||||||||spa|| |
| 040 |
|
|
|b spa
|
| 041 |
0 |
|
|a Es
|
| 082 |
0 |
|
|a 691.4
|b B192f
|
| 100 |
1 |
|
|a Gómez Velasco, H. M.
|9 12533
|
| 245 |
1 |
1 |
|a Fabricación de azulejos
|c H. M. Gómez Velasco
|h mime
|
| 264 |
|
|
|a México
|b Banco de México
|c 1950
|
| 300 |
|
|
|a 80 páginas:
|b ilus.
|
| 650 |
1 |
|
|a Azulejos
|9 12534
|
| 650 |
1 |
|
|a Fabricacion de azulejos
|9 12535
|
| 852 |
|
|
|a UC-CDJBV
|c SEGUNDO PISO
|f Compra
|k margarita.gutierrez
|l 1
|m General
|p 19540331
|q 5,00
|r 2
|t 9246-30
|b 0
|d CDRC
|e CDRC
|g 691.4 B192f SEGUNDO PISO
|z 1954-40-33
|
| 942 |
|
|
|c BK
|
| 999 |
|
|
|c 6341
|d 6341
|